00384 2200157 4500001002100000005001500021008004100036020001800077035001900095082000800114090001400122100002100136245002000157260002900177300002000206INLIS00000000000730320241224113441241224||||||||| | ||| |||| ||  a979 56 0240 3 0010-12240073030 a813 a813 YUD t0 aSinta Yudisia W.00aThe Lost Prince adepokbgema insanic2007 a258 Hlm.; 19 cm